Việt Nam văn hoá sử cương /
Sách giới thiệu với bạn đọc những khái niệm ban đầu cũng như những đặc điểm của nền văn hoá Việt Nam trong quá trình hình thành và phát triển.
সংরক্ষণ করুন:
| প্রধান লেখক: | |
|---|---|
| বিন্যাস: | গ্রন্থ |
| ভাষা: | Vietnamese |
| প্রকাশিত: |
Hà Nội :
Văn hoá thông tin,
2000.
|
| বিষয়গুলি: | |
| ট্যাগগুলো: |
ট্যাগ যুক্ত করুন
কোনো ট্যাগ নেই, প্রথমজন হিসাবে ট্যাগ করুন!
|
| Thư viện lưu trữ: | Mạng thư viện Đại học Đà Nẵng |
|---|
| LEADER | 01083cam a2200361 i 4500 | ||
|---|---|---|---|
| 001 | 000046653 | ||
| 003 | 6154 | ||
| 005 | 20041027161158.0 | ||
| 008 | 010307b2000 vm 000 vie | ||
| 020 | |c 35000 | ||
| 022 | |a T | ||
| 040 | |a IRC |c IRC |d IRC | ||
| 041 | 0 | |a vie | |
| 082 | 1 | 4 | |a 306.0899592 |b ÐA-A |
| 100 | 1 | |a Đào Duy Anh, |d 1904-1988, |c GS. | |
| 245 | 0 | 0 | |a Việt Nam văn hoá sử cương / |c Đào Duy Anh. |
| 260 | |a Hà Nội : |b Văn hoá thông tin, |c 2000. | ||
| 300 | |a 414 tr. ; |c 19 cm. | ||
| 520 | 3 | |a Sách giới thiệu với bạn đọc những khái niệm ban đầu cũng như những đặc điểm của nền văn hoá Việt Nam trong quá trình hình thành và phát triển. | |
| 630 | 0 | 4 | |a Văn hoá. |
| 630 | 0 | 4 | |a Văn hoá Việt Nam. |
| 650 | 0 | 4 | |a Việt Nam |b Văn hoá. |
| 650 | 0 | 4 | |a Văn hoá. |
| OWN | |a DUT | ||
| 999 | |a From the UDN01 | ||
| TYP | |a Monograph | ||
| TYP | |a Printed language | ||
| 980 | |a Mạng thư viện Đại học Đà Nẵng | ||